000 00940nam a22002897a 4500
001 6581
003 FISKH
005 20250526103359.0
008 250512b cb ||||| |||| 00| 0 eng d
020 _a9780439114257
040 _aFISKH
_beng
_cFISKH
_dFISKH
050 _aPZ7.K2253 P
082 _a 813.54
100 _aKeats, Jack Ezra
_d(1916–1983)
245 _aPeter's chair /
_cEzra Jack Keats
250 _aThis edition first published in 2000
260 _aNew York :
_bScholastic,
_c1967
300 _a30 pages :
_bcolor illustrations ;
_c21 cm x 23 cm
505 _aJ
520 _aWhen Peter discovers his blue furniture is being painted pink for a new baby sister, he rescues the last unpainted item, a chair, and runs away.
521 8 _a500
_bLexile
521 8 _aJ
_bRaz-Plus
650 _2Picture book
_aChairs
650 _2Personality Development
_aPersonality
942 _2ddc
_cBK
_n0
999 _c6581
_d6581